|
|
|
|
| LEADER |
00000nbm0a2200000 4500 |
| 001 |
142430 |
| 005 |
20231031142740.0 |
| 035 |
|
|
|a (RuTPU)RU\TPU\book\154356
|
| 035 |
|
|
|a RU\TPU\book\154332
|
| 090 |
|
|
|a 142430
|
| 100 |
|
|
|a 20080905d1967 k y0rusy50 ca
|
| 101 |
0 |
|
|a rus
|
| 102 |
|
|
|a RU
|
| 105 |
|
|
|a a m 000zy
|
| 200 |
0 |
|
|a Т.2. Кийский габбро-сиенитовый интрузивный комплекс и связанные с ним щелочные породы (Главы 1, 2, 3 и 4)
|
| 210 |
|
|
|d 1967
|
| 215 |
|
|
|a 196 л.
|c ил.
|
| 461 |
|
|
|t Палеозойские интрузивные комплексы Мариинской тайги (Кузнецкий Алатау)
|o Диссертация на соискание ученой степени доктора геолого-минералогических наук
|f М. П. Кортусов
|g Томский государственный университет (ТГУ)
|v Т.2. Кийский габбро-сиенитовый интрузивный комплекс и связанные с ним щелочные породы (Главы 1, 2, 3 и 4)
|d 1967
|
| 610 |
1 |
|
|a диссертации
|
| 610 |
1 |
|
|a Кузнецкий Алатау
|
| 610 |
1 |
|
|a Мариинская тайга
|
| 610 |
1 |
|
|a палеозойские комплексы
|
| 610 |
1 |
|
|a интрузивные комплексы
|
| 610 |
1 |
|
|a щелочные породы
|
| 610 |
1 |
|
|a сиенитовая интрузия
|
| 610 |
1 |
|
|a нефелинсодержащие породы
|
| 610 |
1 |
|
|a особенности
|
| 675 |
|
|
|a 551.73(04)
|v 3
|
| 801 |
|
1 |
|a RU
|b 63413507
|c 20080905
|g PSBO
|
| 801 |
|
2 |
|a RU
|b 63413507
|c 20090202
|g PSBO
|
| 942 |
|
|
|c BK
|